Aspect of nigerian foreign policy in the fourth republic (Record no. 3739)

MARC details
000 -LEADER
fixed length control field 00397nam a22001457a 4500
008 - FIXED-LENGTH DATA ELEMENTS--GENERAL INFORMATION
fixed length control field 250602b |||||||| |||| 00| 0 eng d
020 ## - INTERNATIONAL STANDARD BOOK NUMBER
ISBN 9789352694792
100 ## - MAIN ENTRY--AUTHOR
Author Saliu Hassan A
245 ## - TITLE STATEMENT
Title Aspect of nigerian foreign policy in the fourth republic
260 ## - PUBLICATION, DISTRIBUTION, ETC. (IMPRINT)
Place of publication ibadan
Name of publisher college press
Date of publication 2018
300 ## - COLLATION
Pagination 520
650 ## - TRACINGS
Main Subject international relations
942 ## - ADDED ENTRY ELEMENTS (KOHA)
Item type Books
050 ## - LIBRARY OF CONGRESS CALL NUMBER
Classification number JZ 1067
Item number .S 25
Holdings
Source of classification or shelving scheme Not for loan Permanent location Current location Date acquired Accession No. Full call number Barcode. Koha item type
Library of Congress Classification   Samuel Ogbemudia Main Library, University of Abuja Samuel Ogbemudia Main Library, University of Abuja 06/02/2025 2023/61709-10 JZ 1067.S 25 2025-2305 Books
Library of Congress Classification   Samuel Ogbemudia Main Library, University of Abuja Samuel Ogbemudia Main Library, University of Abuja 06/02/2025 2023/61709-10 JZ 1067.S 25 2025-2306 Books